ბათუმის შოთა რუსთაველის სახელმწიფო უნივერსიტეტის ბიბლიოთეკა

ჩვენი სულიერების ბალავარი : VII საერთაშორისო სამეცნიერო კონფერენციის მასალები, ბათუმი, 17-18 აპრილი, 2015 = The fundamentals of our spirituality : Proceedings of the VII International Scientific Conference, Batumi, 17-18 april, 2015 : (ბიბ.ჩანაწერი № 48600)

000 -ლიდერი
ფიქსირებული სიგრძის საკონტროლო ველი 02363nam a2200265Ia 4500
001 - საკონტროლო ნომერი
საკონტროლო ველი 15500
003 - საკონტროლო ნომრის იდენტიფიკატორი
საკონტროლო ველი GE_BSU
005 - ბოლო ოპერაციის თარიღი და დრო
საკონტროლო ველი 20241129115728.0
008 - ფიქსირებული სიგრძის მონაცემთა ელემენტები - ზოგადი ინფორმაცია
ფიქსირებული სიგრძის საკონტროლო ველი 181216s2015||||ge |||||||||||||| ||geo||
040 ## - კატალოგიზაციის წყარო
Transcribing agency GE_BSU
041 ## - ენის კოდი
Language code of text/sound track or separate title geo
080 ## - უნივერსალური ათობითი კლასიფიკაციის ინდექსი
Universal Decimal Classification number 378.4(479.223)(063) ჩ-55
245 ## - ცნობა სათაურის შესახებ
Title ჩვენი სულიერების ბალავარი : VII საერთაშორისო სამეცნიერო კონფერენციის მასალები, ბათუმი, 17-18 აპრილი, 2015 = The fundamentals of our spirituality : Proceedings of the VII International Scientific Conference, Batumi, 17-18 april, 2015 :
Remainder of title [კრებული] /
Statement of responsibility, etc ბათუმის შოთა რუსთაველის სახ. სახელმწ. უნ-ტი, ქრისტიანული კულტურის კვლევის ცენტრი, ნიკო ბერძენიშვილის ინ-ტის ისტორიისა და არქეოლოგიის განყ-ბა ; მთ. რედ. ბიჭიკო დიასამიძე.
264 ## - წარმოების, გამოცემის, დისტრიბუციის და სხვა ცნობები
გამოცემის, წარმოების, დისტრიბუციის... ადგილი ბათუმი :
გამოცემის, წარმოების, დისტრიბუციის... სახელწოდება უნივერსალი,
გამოცემის, წარმოების, დისტრიბუციის... თარიღი 2015.
300 ## - ფიზიკური აღწერა
Extent 440 გვ. ;
Dimensions 20 სმ.
500 ## - ზოგადი შენიშვნა
General note თავფურ. აგრეთვე ინგლ. ენაზე
504 ## - BIBLIOGRAPHY, ETC. NOTE
Bibliography, etc ბიბლიოგრ. მასალების ბოლოს
653 ## - INDEX TERM--UNCONTROLLED
Uncontrolled term საერთაშორისო სამეცნიერო კონფერენციის მასალები
653 ## - INDEX TERM--UNCONTROLLED
Uncontrolled term ჩვენი სულიერების ბალავარი
700 ## - ADDED ENTRY--PERSONAL NAME
Personal name აზმაიფარაშვილი, მაია
Relator term ავტორი
9 (RLIN) 23832
700 ## - ADDED ENTRY--PERSONAL NAME
Personal name ანდღულაძე, სოფიო
Relator term ავტორი
9 (RLIN) 23833
700 ## - ADDED ENTRY--PERSONAL NAME
Personal name ბასილაძე, იმერი
Relator term ავტორი
9 (RLIN) 4917
710 ## - ADDED ENTRY--CORPORATE NAME
Corporate name or jurisdiction name as entry element ბათუმის შოთა რუსთაველის სახ. სახელმწ. უნ-ტი
Subordinate unit ქრისტიანული კულტურის კვლევის ცენტრი. ნიკო ბერძენიშვილის ინ-ტი. ისტორიისა და არქეოლოგიის განყ-ბა.
9 (RLIN) 23834
942 ## - ADDED ENTRY ELEMENTS (KOHA)
Koha item type წიგნი
Source of classification or shelving scheme
ეგზემპლარები
ჩამოწერის სტატუსი დაკარგული ეგზემპლარის სტატუსი კლასიფიკაციის წყარო ან თაროზე გაწყობის სქემა დაზიანების სტატუსი არ გაიცემა მუდმივი მდებარეობა (დაცვის ადგილი) ამჟამინდელი ადგილსამყოფელი თაროზე განთავსების ადგილი შეძენის თარიღი სრული შენახვის შიფრი შტრიხკოდი ბოლო ოპერაციის თარიღი ეგზემპლარის მიმდევრობითი ნომერი (კეტერი?) ფასის ძალაში შესვლის თარიღი ეგზემპლარის სახეობა ღირებულება, შესყიდვის ნორმალური ფასი Uniform Resource Identifier საჯარო შენიშვნა
          ბათუმის შოთა რუსთაველის სახელმწიფო უნივერსიტეტის მთავარი ბიბლიოთეკა ბათუმის შოთა რუსთაველის სახელმწიფო უნივერსიტეტის მთავარი ბიბლიოთეკა წიგნსაცავი 2018-12-17 378.4(479.223)(063) ჩ-55 27483 2018-12-17 27483 2018-12-17 წიგნი      
          ბათუმის შოთა რუსთაველის სახელმწიფო უნივერსიტეტის მთავარი ბიბლიოთეკა ბათუმის შოთა რუსთაველის სახელმწიფო უნივერსიტეტის მთავარი ბიბლიოთეკა წიგნსაცავი 2018-12-17 378.4(479.223)(063) ჩ-55 27484 2018-12-17 27484 2018-12-17 წიგნი      
          ბათუმის შოთა რუსთაველის სახელმწიფო უნივერსიტეტის მთავარი ბიბლიოთეკა ბათუმის შოთა რუსთაველის სახელმწიფო უნივერსიტეტის მთავარი ბიბლიოთეკა წიგნსაცავი 2025-01-29 378.4(479.223)(063) ჩ-55 70495 2025-01-29 70495 2025-01-29 წიგნი 7.00 ნაჩუქარი 7.00